1414 1065 1671 1816 1743 1588 1763 1696 1082 1709 1224 1491 1184 1315 1159 1328 1995 1500 1203 1484 1803 1866 1731 1585 1170 1873 1692 1542 1004 1987 1145 1738 1709 1806 1553 1858 1362 1921 1285 1905 1800 1849 1140 1367 1247 1309 1668 1532 1284 1288 1628 1192 1869 1081 1619 1609 1764 1911 1848 1050 1631 1487 1405 1676 1357 1527 1109 1975 1833 1132 1043 1870 1198 1712 1058 1140 1121 1989 1647 1216 1627 1990 1462 1715 1021 1747 1587 1872 1397 1831 1346 1144 1598 1994 1796 1249 1953 1159 1204 BCNSPRNW ULIB Ver.6.0+V

เปลี่ยนเป็นภาษาไทย

Change to English
 แสดงรายละเอียดบรรณานุกรม
  กลับหน้าหลัก

Brief Record : Get Marc (ISO 2709) : E-mail record : QR code < ปิดหน้าต่าง
LEADER : 00000nam 2200000uu 4500
001    13399125766
003     ULIB
008    170831s2560||||th 000 0 tha d
020    ^a9786164260139
060    ^aWG100 ก185ส
100    ^aกรองกาญจน์ ชูทิพย์
245    ^aสรีรวิทยาระบบหัวใจร่วมหลอดเลือดกับการประยุกต์ใช้ทางเภสัชวิทยา
250    ^aพิมพ์ครั้งที่ 1
260    ^aพิษณุโลก :^bมหาวิทยาลัยนเรศวร,^c2560
300    ^a562 หน้า^bภาพประกอบ, ตาราง
650    ^aระบบหัวใจร่วมหลอดเลือด
650    ^aสรีรวิทยา
650    ^aหัวใจ
945    ^p0^l0^i003181
945    ^p0^l0^i003182
945    ^p0^l0^i003183
999    ^aประนอม เกษจรัล
รายการนี้ยังไม่มีแท็ก
คุณยังไม่ได้ล็อกอิน คุณสามารถมีกิจกรรมร่วมกับเว็บไซต์ได้ แต่ต้องล็อกอินก่อน ::
  ล็อกอิน

รายการสื่อสารสนเทศ

ลำดับที่ ประเภท เลขเรียก/บาร์โค้ด สถานที่ สถานะ
1. วิทยาศาสตร์การแพทย์ และสุขภาพ
หนังสือสำรอง
สถานะ=หนังสือสำรอง
WG100 ก185ส ฉ.1 
  Barcode: 003181
ห้องสมุดวิทยาเขตสวรรค์ประชารักษ์
►หนังสือทั่วไป
บนชั้น
2. วิทยาศาสตร์การแพทย์ และสุขภาพ
วิทยาศาสตร์การแพทย์ และสุขภาพ
WG100 ก185ส ฉ.2 
  Barcode: 003182
ห้องสมุดวิทยาเขตสวรรค์ประชารักษ์
►หนังสือทั่วไป
บนชั้น
3. วิทยาศาสตร์การแพทย์ และสุขภาพ
วิทยาศาสตร์การแพทย์ และสุขภาพ
WG100 ก185ส ฉ.3 
  Barcode: 003183
ห้องสมุดวิทยาเขตสวรรค์ประชารักษ์
►หนังสือทั่วไป
บนชั้น

รายการใกล้เคียง
    ชื่อเรื่อง [สรีรวิทยาระบบหัวใจร่วมหลอดเลือดกับการประยุกต์ใช้ทางเภสัชวิทยา]

    ผู้แต่ง [กรองกาญจน์ ชูทิพย์]

    หัวเรื่อง [ระบบหัวใจร่วมหลอดเลือด]
    หัวเรื่อง [สรีรวิทยา]
    หัวเรื่อง [หัวใจ]

BibComment


ยังไม่เคยถูกคอมเมนท์

คอมเมนท์ทรัพยากรรายการนี้
  คอมเมนท์: สรีรวิทยาระบบหัว..


 Copyright 2026. Bcnsprnw @Library